Nekem már van ballonkabátom

Bibliographic Details
Main Author: Czapáry, Veronika, 1975- (Author)
Format: Article
Language:Hungarian
ISSN:1336-5088
Subjects:

MARC

LEADER 00000nab a2200000 ar4500
001 vtls010042146
003 SK-MaSNL
005 20260303051000.0
008 100121c2010 xo |||||||| |000 b|hun
015 |a SNBRB2010/01  |2 snkbucl 
038 |a SNKBUCL 
040 |a DSZK  |b slo  |c DSZK  |e AACR2 
041 0 |a hun 
044 |a xo  |c SK 
080 |a 821.511.141-32=511.141  |2 1997 
100 1 |a Czapáry, Veronika,  |d 1975-  |4 aut  |9 1031926 
245 1 0 |a Nekem már van ballonkabátom  |c Czapáry Veronika 
650 0 7 |a psychologické poviedky, maďarské  |2 snkbucl  |9 71096 
773 0 |t Irodalmi szemle  |g Évf. LIII, sz. 1 (2010), o. 56-57  |x 1336-5088 
852 |a SNK  |b KIS3GCP 
852 |a DSZK  |b KIS3GCP 
958 |a HU 
958 |a LX 
999 |c 1709813  |d 1711743